000 01838 a2200229 4500
001 141
005 20260407155413.0
008 260407a2008 arg spa d
003 AR-UNSa-BCEJYS
040 _aAR-UNSa-BCEJYS
_bspa
_cAR-UNSa-BCEJYS
080 _a347.72.036
_xRepresentación y administración de la compañía. Junta general anual. Administradores. Delegados. Síndicos. Directores. Fiduciarios
245 1 0 _aResponsabilidad
_pdirectores, socios, síndicos
020 _a978-987-01-0801-6
264 1 _aBuenos Aires :
_bErrepar
_c2008
300 _a270 p.
_c27 cm.
505 _a1. Característica de la función directorial - 2 .El funcionamiento del directorio - 3. Votación de los directores - 4. Prohibición e incompatibilidad para ser director - 5. Acción de responsabilidad de administradores - 6. Estado actual en al extensión de responsabilidad en materia laboral de socios y directores luego del fallo "Palomeque" - 7. Extensión de quiebra a socios con responsabilidad ilimitada y administradores - 8. Responsabilidad del director - 9. Administración fraudulenta del administrador - 10. Procesamiento de directores por quiebra fraudulenta de la sociedad - 11. Renumeración del directorio - 12. Imputación de delito al socio director o gerente por omisión de depositar aportes y contribuciones - 13. Imputaciones a directivos societarios por evasión previsional en términos de la Ley Penal Tributaria - 14. Director empleado en una sociedad anónima y su eventual relación dependiente - 15. Nombramiento y cesación de administradores...
041 _aspa
942 _cBK
590 _aniveau_biblio:m niveau_hierar:0
100 1 _aPerciavalle, Marcelo L.
856 4 1 _uhttps://biblioeco.unsa.edu.ar/pmb/images/libros/Respnsabilidad-directores-socios-sindicos2-l117404.jpg
_yImagen de portada
_qimage/jpeg
999 _c110
_d110